000 00495nam a2200181Ia 4500
005 20250326124018.0
008 250326s9999 xx 000 0 und d
037 _aTextbook
040 _aFMSL
_beng
_cFMSL
041 _aeng
_2eng
084 _aX L3
_qFMSL
100 _aElliott J W
_9736606
245 0 _aEconomic analysis for management decisions
_cElliott J W
260 _aUSA
_bUSA, Richard D. Irwin
_c1973
300 _a378p
942 _cTB
_hX L3
999 _c1271887
_d1271887